000 00950pam a2200265 a 4500
001 4470873
005 20251113180504.0
008 960502s1997 njua 001 0 eng
020 _a013235912X
_qcase
050 0 0 _aTK7871.85
_b.P39 1997
082 0 0 _a621.381
_220
100 1 _aPaynter, Robert T.
245 1 0 _aIntroductory electronic devices and circuits /
_cRobert T. Paynter.
250 _a4th ed.
260 _aUpper Saddle River, NJ :
_bPrentice Hall,
_cc1997.
300 _axxiv, 1026 p. :
_bill. (some col.) ;
_c29 cm.
500 _aRev. ed. of: Paynter's introductory electronic devices and circuits. 3rd ed. c1994.
500 _aIncludes index.
650 0 _aSolid state electronics.
650 0 _aElectronic apparatus and appliances.
650 0 _aElectronic circuits.
650 0 _aTransistor amplifiers.
700 1 _aPaynter, Robert T.
_tPaynter's introductory electronic devices and circuits.
942 _2lcc
_cBK
_e4th ed.
_n0
999 _c8258
_d8258